[Event "XX Festival B"]
[Site "Robecchetto con Induno ITA"]
[Date "2009.12.29"]
[Round "5"]
[White "Alberio, Silvio"]
[Black "Tortolini, Francesco"]
[Result "0-1"]
[WhiteElo "1723"]
[BlackElo "1905"]
[PlyCount "86"]
[EventDate "2009.12.27"]

1. d4 e6 2. c4 Nf6 3. Nc3 Bb4 4. Qc2 b6 5. f3 c5 6. a3 cxd4 7. axb4 dxc3 8.
Qxc3 d6 9. Bg5 O-O 10. Qc2 Bb7 11. e4 h6 12. Bd2 Qc7 13. Bd3 Nbd7 14. Ne2 Ne5
15. O-O Rfc8 16. b3 Nxd3 17. Qxd3 e5 18. Nc3 a6 19. b5 a5 20. Be3 Nd7 21. Rfd1
Nc5 22. Bxc5 Qxc5+ 23. Kf1 Rd8 24. Na4 Qc7 25. Qe3 f5 26. Nxb6 fxe4 27. Nxa8
Bxa8 28. fxe4 Rf8+ 29. Kg1 Rf4 30. b6 Qc6 31. Rd5 Qd7 32. Rdxa5 Bxe4 33. g3 Qh3
34. Qe2 Bf3 35. Qd2 Re4 36. Qf2 Re3 37. Rb5 Bb7 38. Qf1 Rxg3+ 39. Kf2 Rf3+ 40.
Ke2 Qxh2+ 41. Ke1 Rxf1+ 42. Kxf1 Qh1+ 43. Ke2 Qxa1 0-1

[Event "XX Festival B"]
[Site "Robecchetto con Induno ITA"]
[Date "2009.12.29"]
[Round "5"]
[White "Astanovskaya, Yulia"]
[Black "Moroni, Luca jr"]
[Result "1/2-1/2"]
[WhiteElo "1951"]
[BlackElo "1572"]
[PlyCount "46"]
[EventDate "2009.12.27"]

1. e4 c5 2. c3 Nf6 3. e5 Nd5 4. d4 cxd4 5. cxd4 d6 6. Bc4 Nb6 7. Bb5+ Bd7 8.
Qe2 Bxb5 9. Qxb5+ Nc6 10. Nf3 g6 11. Be3 Qd7 12. Nc3 Bg7 13. a4 O-O 14. Rd1 Qc7
15. exd6 Qxd6 16. a5 Nd7 17. O-O a6 18. Qa4 b5 19. Qa1 Qc7 20. Nd5 Qd6 21. Nc3
Qc7 22. Nd5 Qd6 23. Nc3 Qc7 1/2-1/2

[Event "XX Festival B"]
[Site "Robecchetto con Induno ITA"]
[Date "2009.12.29"]
[Round "5"]
[White "Bencivenga, Antonio"]
[Black "Petrone, Gianmario"]
[Result "0-1"]
[WhiteElo "1353"]
[BlackElo "1736"]
[PlyCount "62"]
[EventDate "2009.12.27"]

1. g3 d5 2. Bg2 c5 3. Nf3 Nc6 4. d3 Nf6 5. b3 e5 6. O-O Bd6 7. Bb2 O-O 8. Nbd2
Qe7 9. c3 Be6 10. e4 d4 11. Ng5 Bd7 12. Nc4 h6 13. Nxd6 Qxd6 14. Nh3 Ng4 15.
cxd4 exd4 16. Bc1 Rad8 17. f3 Ne3 18. Bxe3 dxe3 19. Re1 Bxh3 20. Bxh3 Qxd3 21.
Qxd3 Rxd3 22. Bf1 Rc3 23. Rac1 Rxc1 24. Rxc1 Nd4 25. Re1 Nxf3+ 26. Kg2 Nxe1+
27. Kh3 Re8 28. Kg4 Rxe4+ 29. Kf5 e2 30. Bxe2 Rxe2 31. Kf4 Rxa2 0-1

[Event "XX Festival B"]
[Site "Robecchetto con Induno ITA"]
[Date "2009.12.29"]
[Round "5"]
[White "Bongiorni, Gabriele"]
[Black "Pennati, Roberto"]
[Result "1-0"]
[WhiteElo "1804"]
[BlackElo "1697"]
[PlyCount "83"]
[EventDate "2009.12.27"]

1. d4 d6 2. c4 g6 3. Nf3 Bg7 4. Nc3 Nf6 5. e4 O-O 6. Be2 c6 7. O-O a6 8. a4
Nbd7 9. b4 b6 10. a5 Bb7 11. e5 dxe5 12. dxe5 Ng4 13. h3 Ngxe5 14. Nxe5 Bxe5
15. Qd3 Qc7 16. Bb2 Rad8 17. Qe3 bxa5 18. Rxa5 Bf4 19. Qxe7 Rde8 20. Qh4 Be5
21. Bf3 Bf6 22. Qh6 Qd8 23. Rd1 Bg7 24. Qc1 Qc7 25. Ne4 Ne5 26. Qa1 f5 27. Nd6
Nxf3+ 28. gxf3 Bxb2 29. Qxb2 Re7 30. c5 Bc8 31. Qa2+ Be6 32. Qa3 Bd5 33. Rxa6
Re2 34. Ra7 Qd8 35. Qa1 Qf6 36. Qxf6 Rxf6 37. b5 Bxf3 38. b6 Rb2 39. Re1 Rf8
40. b7 Rb8 41. Ra8 R2xb7 42. Re8+ 1-0

[Event "XX Festival B"]
[Site "Robecchetto con Induno ITA"]
[Date "2009.12.29"]
[Round "5"]
[White "Cervini, Gian Piero"]
[Black "Barazza, Remo"]
[Result "1/2-1/2"]
[WhiteElo "1765"]
[BlackElo "1545"]
[PlyCount "62"]
[EventDate "2009.12.27"]

1. e4 c6 2. d4 d5 3. Nc3 dxe4 4. Nxe4 Bf5 5. Ng3 Bg6 6. h4 h6 7. Nf3 Nf6 8. Ne5
Bh7 9. Nh5 Nbd7 10. Nxf6+ Nxf6 11. g4 e6 12. c3 Be7 13. g5 Nd7 14. Nxf7 Kxf7
15. gxh6 g6 16. Qf3+ Ke8 17. Bh3 Rf8 18. Qe4 Bxh4 19. Qxe6+ Qe7 20. Be3 Qxe6
21. Bxe6 Be7 22. O-O-O Nb6 23. c4 Rf6 24. Bg8 Rf7 25. Bxf7+ Kxf7 26. b3 Nd7 27.
d5 cxd5 28. Rxd5 Nf6 29. Rb5 b6 30. Bg5 Rd8 31. Re5 Bc5 1/2-1/2

[Event "XX Festival B"]
[Site "Robecchetto con Induno ITA"]
[Date "2009.12.29"]
[Round "5"]
[White "Clerici, Samuele"]
[Black "Oteri, Aldo"]
[Result "1-0"]
[WhiteElo "1776"]
[BlackElo "1826"]
[PlyCount "79"]
[EventDate "2009.12.27"]

1. e4 e6 2. d4 d5 3. Nd2 Be7 4. Ngf3 dxe4 5. Nxe4 Nf6 6. Nxf6+ Bxf6 7. Bf4 O-O
8. c3 b6 9. Be2 Bb7 10. O-O Nd7 11. Qc2 g6 12. Rad1 Bg7 13. Qc1 Nf6 14. Ne5 Nh5
15. Bxh5 gxh5 16. Qe3 f6 17. Nf3 Qd7 18. Rfe1 Rae8 19. Nd2 e5 20. dxe5 fxe5 21.
Bg3 Qg4 22. Ne4 h4 23. f3 Qh5 24. Bf2 Rf4 25. Qd3 Ref8 26. Qc4+ Kh8 27. Rd7
Bxe4 28. Rxe4 Qg5 29. Be3 Rxe4 30. Qxe4 Qg6 31. Qxg6 hxg6 32. Rxc7 Ra8 33. h3
Bf6 34. b3 Kg8 35. Kf2 Bd8 36. Rb7 g5 37. c4 Kf8 38. Ke2 Be7 39. Kd3 Kf7 40.
Bxg5 1-0

[Event "XX Festival B"]
[Site "Robecchetto con Induno ITA"]
[Date "2009.12.29"]
[Round "5"]
[White "Conta, Diego"]
[Black "Rigotti, Gianluigi"]
[Result "1/2-1/2"]
[WhiteElo "1749"]
[BlackElo "1608"]
[PlyCount "90"]
[EventDate "2009.12.27"]

1. d4 Nf6 2. c4 e6 3. Nc3 d5 4. Nf3 c6 5. cxd5 exd5 6. Bg5 Bb4 7. a3 Bxc3+ 8.
bxc3 Nbd7 9. Nd2 Qa5 10. Qc2 O-O 11. e3 h6 12. Bh4 Re8 13. Bd3 g5 14. Bg3 Nb6
15. Be5 Nfd7 16. Bh7+ Kf8 17. Bd6+ Kg7 18. h4 g4 19. h5 Qa4 20. Qb1 Nc4 21. Rh4
Nf6 22. Nxc4 Qxc4 23. Bd3 Qxc3+ 24. Ke2 Qxd4 25. Kf1 Qb6 26. Qc1 Ne4 27. Rb1
Qd8 28. Qb2+ Qf6 29. Qxf6+ Kxf6 30. Bxe4 Rxe4 31. Bf4 Kg7 32. f3 gxf3 33. gxf3
Rc4 34. Be5+ f6 35. Rxc4 dxc4 36. Bd4 b6 37. Ke2 c5 38. Bc3 Bb7 39. Rg1+ Kh7
40. Bxf6 Rg8 41. Rxg8 Kxg8 42. Be5 Kf7 43. Bb8 a6 44. Ba7 b5 45. Bxc5 Bd5
1/2-1/2

[Event "XX Festival B"]
[Site "Robecchetto con Induno ITA"]
[Date "2009.12.29"]
[Round "5"]
[White "Costantino, Gian Franco"]
[Black "Testa, Loris"]
[Result "0-1"]
[WhiteElo "1572"]
[BlackElo "1841"]
[PlyCount "58"]
[EventDate "2009.12.27"]

1. e4 e5 2. Nf3 Nc6 3. Bb5 a6 4. Bxc6 dxc6 5. Nc3 Bc5 6. O-O Bg4 7. d3 Qe7 8.
Be3 Bxe3 9. fxe3 O-O-O 10. Qe1 h5 11. Qg3 f6 12. Nh4 Qd7 13. Rf2 g5 14. Nf5 Nh6
15. Nxh6 Rxh6 16. Rff1 h4 17. Qf2 Be6 18. a4 g4 19. Qd2 Rg6 20. b4 g3 21. b5 h3
22. hxg3 Rxg3 23. Rf2 Rdg8 24. Kf1 Rxg2 25. Ne2 h2 26. Rxg2 h1=Q+ 27. Ng1 Bh3
28. bxa6 Qxg2+ 29. Qxg2 Bxg2+ 0-1

[Event "XX Festival B"]
[Site "Robecchetto con Induno ITA"]
[Date "2009.12.29"]
[Round "5"]
[White "Di Chiara, Mauro"]
[Black "Santelli, Francesco"]
[Result "0-1"]
[WhiteElo "1864"]
[BlackElo "1824"]
[PlyCount "132"]
[EventDate "2009.12.27"]

1. d4 Nf6 2. Nf3 d6 3. c4 g6 4. Nc3 Bg7 5. e4 O-O 6. Be2 Bd7 7. O-O c5 8. d5
Na6 9. h3 Nc7 10. Be3 b6 11. Nd2 a6 12. f4 b5 13. e5 Nfe8 14. Bf3 Rb8 15. Nce4
bxc4 16. Nxc4 Bb5 17. b3 Bxc4 18. bxc4 dxe5 19. Nxc5 e4 20. Bxe4 Bxa1 21. Qxa1
Nf6 22. Bf3 Nce8 23. Nxa6 Ra8 24. Nb4 Nd6 25. Nc6 Qc7 26. Qe5 Rfe8 27. Rb1 Rac8
28. Rc1 Nf5 29. Qxc7 Rxc7 30. Bb6 Rb7 31. c5 Nh4 32. Be2 Nxd5 33. Ba6 Rxb6 34.
cxb6 Nxb6 35. Rd1 Kf8 36. Bb5 Ra8 37. Rd8+ Rxd8 38. Nxd8 Nf5 39. a4 Nd4 40. a5
Nc8 41. Bd7 Na7 42. Kf2 e6 43. Nb7 Ke7 44. Ba4 f6 45. g4 h6 46. Ke3 Ndc6 47.
Bxc6 Nxc6 48. a6 Kd7 49. Ke4 Kc7 50. Nc5 Kd6 51. Nd3 Kc7 52. Nc5 Kd6 53. Nb3
Kc7 54. Nd4 Nxd4 55. Kxd4 g5 56. Ke4 Kb6 57. Kf3 Kxa6 58. Kg3 Kb6 59. h4 gxh4+
60. Kxh4 e5 61. Kg3 Kc5 62. Kf3 Kd4 63. fxe5 fxe5 64. Kf2 Kd3 65. Kf3 e4+ 66.
Kf2 Kd2 0-1

[Event "XX Festival B"]
[Site "Robecchetto con Induno ITA"]
[Date "2009.12.29"]
[Round "5"]
[White "Folcini, Gaddo"]
[Black "Macchiettini, Pierangelo"]
[Result "0-1"]
[WhiteElo "1513"]
[BlackElo "1682"]
[PlyCount "70"]
[EventDate "2009.12.27"]

1. d4 d5 2. e4 dxe4 3. Nc3 Nf6 4. f3 exf3 5. Nxf3 b6 6. Bb5+ c6 7. Bc4 e6 8.
O-O Be7 9. Bg5 Nbd7 10. Qe2 O-O 11. Ne5 Nb8 12. Bxf6 Qxd4+ 13. Kh1 Bxf6 14.
Rxf6 gxf6 15. Ng4 Ba6 16. Bxa6 Nxa6 17. Ne4 f5 18. Ngf6+ Kg7 19. Qh5 Rh8 20.
Rd1 Qe3 21. Qh4 fxe4 22. Rf1 Qh6 23. Qf2 Qg6 24. Qd4 Rhd8 25. Nd7+ Kg8 26. Nf6+
Kf8 27. Qc3 Rd6 28. Nxe4 Rdd8 29. Qh8+ Ke7 30. Qe5 Rd5 31. Qf4 Rad8 32. Nc3 Rf5
33. Qh4+ Ke8 34. Re1 Rd2 35. Ne4 Qxg2# 0-1

[Event "XX Festival B"]
[Site "Robecchetto con Induno ITA"]
[Date "2009.12.29"]
[Round "5"]
[White "Foroni, Francesco"]
[Black "Ronconi, Fausto"]
[Result "1/2-1/2"]
[WhiteElo "1911"]
[BlackElo "1778"]
[PlyCount "85"]
[EventDate "2009.12.27"]

1. Nf3 d5 2. e3 Nf6 3. d4 e6 4. Bd3 Nc6 5. c3 Bd7 6. Nbd2 Bd6 7. O-O O-O 8. Re1
e5 9. e4 dxe4 10. Nxe4 Nxe4 11. Bxe4 exd4 12. Nxd4 Nxd4 13. Qxd4 Re8 14. Bd2
Re6 15. Bc2 Qf6 16. Qxf6 Rxf6 17. Bb3 Bc6 18. Be3 a6 19. Bd4 Rh6 20. Be5 Rg6
21. g3 Rd8 22. Bxd6 Rgxd6 23. Re7 R6d7 24. Bxf7+ Kf8 25. Rxd7 Rxd7 26. Bh5 Rd2
27. b3 Rc2 28. c4 Rb2 29. Bg4 b6 30. Kf1 Be4 31. Bd1 Bb1 32. a3 Ba2 33. b4
Bxc4+ 34. Ke1 Ra2 35. Rxa2 Bxa2 36. Kd2 Ke7 37. f4 Kd6 38. Bc2 h6 39. Ke3 a5
40. Be4 axb4 41. axb4 c5 42. bxc5+ bxc5 43. Bd3 1/2-1/2

[Event "XX Festival B"]
[Site "Robecchetto con Induno ITA"]
[Date "2009.12.29"]
[Round "5"]
[White "Fortunato, Lorenzo"]
[Black "Colombo, Luca"]
[Result "0-1"]
[WhiteElo "1841"]
[BlackElo "1886"]
[PlyCount "138"]
[EventDate "2009.12.27"]

1. e4 c5 2. Nc3 Nc6 3. g3 g6 4. Bg2 Bg7 5. d3 d6 6. Be3 Rb8 7. Qd2 b5 8. h3 e6
9. Nge2 Nge7 10. Bh6 O-O 11. Bxg7 Kxg7 12. g4 b4 13. Nd1 Bb7 14. f4 f5 15. Nf2
d5 16. O-O-O Qa5 17. Kb1 Rbd8 18. gxf5 exf5 19. e5 Qb6 20. Qe3 d4 21. Qg3 Nd5
22. Bxd5 Rxd5 23. h4 Ne7 24. h5 Rdd8 25. Rh2 Rh8 26. Nh3 Nd5 27. Neg1 Ne3 28.
Re1 Ng4 29. Rhe2 Ne3 30. Nf3 Bxf3 31. Qxf3 a5 32. Nf2 a4 33. Nd1 Nxd1 34. Rxd1
Qe6 35. Rg1 Kf7 36. Reg2 Rhg8 37. hxg6+ hxg6 38. Rg3 Rb8 39. Qg2 Rb6 40. b3
axb3 41. cxb3 Qc6 42. Qc2 Qd5 43. R1g2 Ra6 44. Qc1 Rh8 45. Qd2 Rh1+ 46. Rg1
Rxg1+ 47. Rxg1 Qf3 48. Rg2 Kg7 49. Rf2 Qh1+ 50. Kb2 Ra8 51. Rh2 Qf3 52. Rf2 Qd5
53. Qe2 Kf7 54. Rh2 Kg7 55. Rg2 Rh8 56. Rh2 Rxh2 57. Qxh2 Qf3 58. Qd2 Kf7 59.
a4 bxa3+ 60. Kxa3 Qa8+ 61. Kb2 Ke6 62. b4 Qb7 63. Ka3 Qxb4+ 64. Qxb4 cxb4+ 65.
Kxb4 g5 66. fxg5 f4 67. g6 f3 68. g7 Kf7 69. e6+ Kxg7 0-1

[Event "XX Festival B"]
[Site "Robecchetto con Induno ITA"]
[Date "2009.12.29"]
[Round "5"]
[White "Giunto, Andrea"]
[Black "Brioschi, Camillo"]
[Result "0-1"]
[WhiteElo "1934"]
[BlackElo "1823"]
[PlyCount "118"]
[EventDate "2009.12.27"]

1. e4 e5 2. Nf3 Nc6 3. d4 exd4 4. Nxd4 Bc5 5. Be3 Qf6 6. c3 Bb6 7. Bc4 d6 8.
O-O Qg6 9. Nd2 Nf6 10. Be2 O-O 11. Bf3 Ne5 12. Kh1 Bd7 13. b4 Rfe8 14. Qe2 a6
15. a4 Nc6 16. Nxc6 Bxe3 17. Qxe3 Bxc6 18. Kg1 Nxe4 19. Nxe4 Bxe4 20. Rfe1 f5
21. Qf4 Re7 22. Re3 Rae8 23. Rae1 d5 24. Bxe4 fxe4 25. f3 Qf7 26. Qxf7+ Kxf7
27. Kf2 exf3 28. Kxf3 Rxe3+ 29. Rxe3 Rxe3+ 30. Kxe3 Ke6 31. a5 Kd6 32. Kd4 Kc6
33. g4 Kd6 34. h4 h6 35. h5 Ke6 36. Kd3 Ke5 37. Ke3 b5 38. Kf3 d4 39. cxd4+
Kxd4 40. Kf4 c5 41. bxc5 Kxc5 42. Kf5 b4 43. Kg6 b3 44. Kxg7 b2 45. Kxh6 b1=Q
46. g5 Qc1 47. Kg6 Qc2+ 48. Kf6 Qd2 49. Kg6 Qd6+ 50. Kh7 Qe7+ 51. Kh6 Qf8+ 52.
Kh7 Qf7+ 53. Kh6 Qg8 54. g6 Kd5 55. g7 Ke6 56. Kg6 Qf7+ 57. Kh7 Qxh5+ 58. Kg8
Kf6 59. Kf8 Qf7# 0-1

[Event "XX Festival B"]
[Site "Robecchetto con Induno ITA"]
[Date "2009.12.29"]
[Round "5"]
[White "Gonella, Graziano"]
[Black "Collaro, Paolo"]
[Result "0-1"]
[WhiteElo "1179"]
[BlackElo "1643"]
[PlyCount "66"]
[EventDate "2009.12.27"]

1. e4 e5 2. Nf3 Nf6 3. Nc3 Bb4 4. Bd3 Nc6 5. O-O O-O 6. a3 Bxc3 7. dxc3 h6 8.
h3 d6 9. b4 Be6 10. Qe2 d5 11. b5 dxe4 12. Bxe4 Nxe4 13. Rd1 Nxc3 14. Rxd8
Nxe2+ 15. Kh2 Nxd8 16. Bb2 f6 17. Re1 Nf4 18. g3 Nxh3 19. a4 Ng5 20. Ng1 c6 21.
bxc6 Nxc6 22. Rd1 Rfd8 23. Re1 Rd2 24. Re2 Rad8 25. Bc3 Rxe2 26. Nxe2 Ne4 27.
Be1 Nd4 28. Nxd4 Rxd4 29. f4 Rd1 30. fxe5 fxe5 31. c4 Rxe1 32. c5 Re2+ 33. Kg1
Kf7 0-1

[Event "XX Festival B"]
[Site "Robecchetto con Induno ITA"]
[Date "2009.12.29"]
[Round "5"]
[White "Marchesotti, Giovanni"]
[Black "Puricelli, Giancarlo"]
[Result "1-0"]
[WhiteElo "1617"]
[BlackElo "1631"]
[PlyCount "101"]
[EventDate "2009.12.27"]

1. Nf3 Nf6 2. g3 g6 3. Bg2 Bg7 4. O-O O-O 5. c4 d6 6. d4 Nbd7 7. Nc3 c5 8. e3
cxd4 9. exd4 Nb6 10. b3 Bg4 11. h3 Bc8 12. Be3 Re8 13. Qd2 Qc7 14. Rfe1 Bd7 15.
Rad1 Qc8 16. Kh2 Qc7 17. Re2 a5 18. Nb5 Bxb5 19. cxb5 Nbd5 20. Rc1 Qd7 21. Bh6
Qxb5 22. Bxg7 Kxg7 23. Ne1 Rac8 24. Nc2 Nc3 25. Ree1 Nxa2 26. Na3 Qb4 27. Qxa2
Rxc1 28. Rxc1 d5 29. Qb2 e6 30. Rc5 b6 31. Rc2 a4 32. bxa4 Qxa4 33. Nb5 Ra8 34.
Nd6 Ne8 35. Nxe8+ Qxe8 36. Qxb6 Rc8 37. Rxc8 Qxc8 38. Qb2 Qc7 39. Qe2 Qd6 40.
f4 f5 41. Qe5+ Qxe5 42. fxe5 g5 43. Bf1 Kg6 44. Bd3 Kf7 45. g4 Kg6 46. gxf5+
exf5 47. e6 Kf6 48. Bxf5 h5 49. Kg3 Ke7 50. h4 Kf6 51. hxg5+ 1-0

[Event "XX Festival B"]
[Site "Robecchetto con Induno ITA"]
[Date "2009.12.29"]
[Round "5"]
[White "Merlotti, Marco"]
[Black "Autino, Massimiliano"]
[Result "0-1"]
[WhiteElo "1661"]
[BlackElo "1823"]
[PlyCount "96"]
[EventDate "2009.12.27"]

1. d4 d6 2. Nf3 c6 3. c4 Nf6 4. Nc3 Bg4 5. e4 Bxf3 6. Qxf3 e5 7. d5 cxd5 8.
Nxd5 Nxd5 9. exd5 Be7 10. Bd3 O-O 11. O-O Nd7 12. Qh3 g6 13. f4 Bf6 14. f5 Nc5
15. fxg6 fxg6 16. Be2 a5 17. Bg4 Qe7 18. Bh6 Bg7 19. Bxg7 Kxg7 20. Rae1 Rxf1+
21. Rxf1 Rf8 22. Rxf8 Qxf8 23. Qe3 Qf6 24. Bf3 Qf4 25. Qxf4 exf4 26. b3 Kf6 27.
Kf1 Ke5 28. Ke2 Kd4 29. Kd2 g5 30. h3 b6 31. Be2 Ne4+ 32. Kc2 Nc3 33. Bd3 Nxa2
34. Bxh7 Ke3 35. Bf5 Nb4+ 36. Kc3 Na6 37. Bg4 Nc5 38. b4 Ne4+ 39. Kb3 Nd2+ 40.
Kc3 Ne4+ 41. Kb3 Kd4 42. Bf3 Nd2+ 43. Ka4 Nxf3 44. gxf3 Kxc4 45. bxa5 bxa5 46.
Kxa5 Kxd5 47. Kb4 Kd4 48. Kb3 Ke3 0-1

[Event "XX Festival B"]
[Site "Robecchetto con Induno ITA"]
[Date "2009.12.29"]
[Round "5"]
[White "Mondini, Francesco"]
[Black "Tamassia, Gabriele"]
[Result "0-1"]
[WhiteElo "1477"]
[BlackElo "1773"]
[PlyCount "120"]
[EventDate "2009.12.27"]

1. c4 Nf6 2. d4 g6 3. Nf3 Bg7 4. g3 O-O 5. Bg2 d6 6. e3 Nbd7 7. Nc3 Re8 8. Rb1
e5 9. dxe5 dxe5 10. O-O c6 11. Qc2 Qe7 12. e4 b6 13. Be3 Bb7 14. Rfd1 Rad8 15.
b4 Ng4 16. Bg5 f6 17. Bc1 Nf8 18. Bb2 Rxd1+ 19. Rxd1 Qxb4 20. a3 Qxc4 21. Rd6
Qc5 22. Qb3+ Kh8 23. Rd2 Qe7 24. Qd1 Nh6 25. Ne1 Nf7 26. Nc2 Rd8 27. Nd5 cxd5
28. exd5 Nd6 29. a4 Qc7 30. Nb4 Nd7 31. Rc2 Nc5 32. Nc6 Bxc6 33. dxc6 Nc4 34.
Qe2 Nxb2 35. Rxb2 f5 36. Qb5 e4 37. Rb1 Rd6 38. a5 Qxc6 39. Qxc6 Rxc6 40. axb6
axb6 41. Bf1 Nd3 42. Rb5 Bd4 43. Bxd3 exd3 44. Rd5 Bc5 45. Rd8+ Kg7 46. Rxd3
Rd6 47. Rb3 Kf6 48. Kf1 Rd2 49. Rf3 g5 50. g4 f4 51. Ke1 Rb2 52. h4 h6 53. Kf1
Ra2 54. Kg2 Ra3 55. h5 Ke5 56. Rxa3 Bxa3 57. f3 Kd4 58. Kf1 Kd3 59. Ke1 Kc2 60.
Ke2 b5 0-1

[Event "XX Festival B"]
[Site "Robecchetto con Induno ITA"]
[Date "2009.12.29"]
[Round "5"]
[White "Motola, Jacopo"]
[Black "Cocconcelli, Lorenzo"]
[Result "0-1"]
[WhiteElo "1455"]
[BlackElo "1413"]
[PlyCount "162"]
[EventDate "2009.12.27"]

1. e4 e6 2. d4 d5 3. Nc3 Bb4 4. e5 c5 5. Nf3 Nc6 6. dxc5 Bxc5 7. Bb5 Nge7 8.
O-O O-O 9. Re1 Qb6 10. Qe2 Nf5 11. Na4 Ncd4 12. Nxd4 Nxd4 13. Nxb6 Nxe2+ 14.
Rxe2 Bxb6 15. Bd2 Bc5 16. b4 Be7 17. a3 Rd8 18. Bc3 Bd7 19. Bd3 b5 20. Bd4 a6
21. f4 Rf8 22. Rf1 f5 23. Re3 a5 24. bxa5 Rxa5 25. Rb1 Rb8 26. Bc3 Rxa3 27. Bb4
Bxb4 28. Rxb4 Ra7 29. Re1 Ra4 30. Reb1 Rxb4 31. Rxb4 Kf7 32. Kf2 h6 33. h4 Rg8
34. Bxb5 Rb8 35. Rb3 Rxb5 36. Rxb5 Bxb5 37. Ke3 Kg6 38. Kd4 Kf7 39. Kc5 Bf1 40.
g3 Ke7 41. c3 Kd7 42. Kb6 Bg2 43. Kc5 Kc7 44. c4 dxc4 45. Kxc4 Kc6 46. Kd4 Kb5
47. Ke3 Kc4 48. Ke2 Kd4 49. Kd2 Bc6 50. Ke2 Ke4 51. Kf2 Kd3 52. Kg1 Ke3 53. Kh2
Kf3 54. Kh3 Bb7 55. h5 Bc6 56. Kh4 Be8 57. g4 Kxf4 58. g5 hxg5+ 59. Kh3 Kxe5
60. Kg3 Ke4 61. Kf2 f4 62. Ke2 Bxh5+ 63. Kf2 g4 64. Kg2 Ke3 65. Kf1 f3 66. Ke1
g3 67. Kf1 g2+ 68. Kg1 f2+ 69. Kxg2 Ke2 70. Kg3 f1=Q 71. Kh4 g6 72. Kg5 Ke3 73.
Kh6 Ke4 74. Kg7 Qf4 75. Kg8 g5 76. Kg7 g4 77. Kh7 g3 78. Kh8 g2 79. Kh7 g1=Q
80. Kh8 Qf8+ 81. Kh7 Qg6# 0-1

[Event "XX Festival B"]
[Site "Robecchetto con Induno ITA"]
[Date "2009.12.29"]
[Round "5"]
[White "Nastasi, Ivano"]
[Black "Tosetto, Flavio"]
[Result "0-1"]
[WhiteElo "1722"]
[BlackElo "1647"]
[PlyCount "132"]
[EventDate "2009.12.27"]

1. d4 Nf6 2. c4 g6 3. Nc3 Bg7 4. e4 d6 5. Nf3 O-O 6. Be2 Nbd7 7. O-O c5 8. d5
Nb6 9. h3 Nfd7 10. Bd2 Ne5 11. Nxe5 Bxe5 12. Qc1 f5 13. Bh6 Rf7 14. exf5 Bxf5
15. Re1 Bd4 16. Be3 Be5 17. Qd2 Qc8 18. f4 Bg7 19. Rac1 Qe8 20. Nd1 Na4 21. Bf3
Nb6 22. Nf2 Rd8 23. Ne4 h6 24. b3 Kh7 25. g4 Bc8 26. Qg2 Nd7 27. g5 Ne5 28. Be2
Nd7 29. Qg3 Bd4 30. Bxd4 cxd4 31. Rf1 Nc5 32. Nd2 Bf5 33. b4 d3 34. Bg4 Ne4 35.
Nxe4 Bxe4 36. Be6 h5 37. Bxf7 Qxf7 38. Qe3 Bf5 39. Rf2 Re8 40. Kh2 e6 41. Re1
e5 42. fxe5 Rxe5 43. Qd2 Qe7 44. Ref1 Re2 45. Rxe2 dxe2 46. Re1 Qe5+ 47. Kg2
Be4+ 48. Kf2 Qf5+ 49. Kg1 Qxh3 50. Rxe2 Qg3+ 51. Kf1 Bd3 52. c5 dxc5 53. bxc5
Qf3+ 54. Ke1 Bxe2 55. Qxe2 Qxd5 56. Qe7+ Kg8 57. Qe8+ Kg7 58. Qe7+ Qf7 59. Qe5+
Kf8 60. Qh8+ Ke7 61. Qb8 Qe6+ 62. Kd1 Qd5+ 63. Ke1 Qxc5 64. Qxb7+ Ke6 65. Qb3+
Kf5 66. Qb8 Qe5+ 0-1

[Event "XX Festival B"]
[Site "Robecchetto con Induno ITA"]
[Date "2009.12.29"]
[Round "5"]
[White "Pandini, Giuseppe"]
[Black "Rossini, Luca"]
[Result "1-0"]
[WhiteElo "1702"]
[BlackElo "1751"]
[PlyCount "107"]
[EventDate "2009.12.27"]

1. f4 c5 2. Nf3 d6 3. e3 Nf6 4. b3 g6 5. Bb2 Bg7 6. Be2 O-O 7. O-O Nc6 8. c4
Bd7 9. Nc3 a6 10. a3 Na7 11. Qc1 b5 12. Nd5 e6 13. Nxf6+ Bxf6 14. Bxf6 Qxf6 15.
d3 Bc6 16. Nd2 Nc8 17. Bf3 Bxf3 18. Rxf3 Ne7 19. Ne4 Qf5 20. Qc3 Rfd8 21. Nf6+
Kf8 22. Nxh7+ Ke8 23. Nf6+ Kf8 24. Rh3 e5 25. Rh8+ Kg7 26. Rxd8 Rxd8 27. fxe5
dxe5 28. Ne4 Rh8 29. Rf1 Qh5 30. h3 Nc6 31. cxb5 axb5 32. Qxc5 Nd8 33. Qe7 Rf8
34. Qf6+ Kg8 35. Qf2 f5 36. Nd6 Qh7 37. Qg3 Kh8 38. Qxe5+ Kg8 39. Qd5+ Nf7 40.
Nxf7 Qxf7 41. Qxf7+ Rxf7 42. Rc1 Ra7 43. a4 bxa4 44. bxa4 Rxa4 45. Kf2 Kf7 46.
Kf3 Ke6 47. d4 g5 48. Rc5 Ra3 49. Re5+ Kf6 50. g3 Rb3 51. Re8 Kf7 52. Ra8 g4+
53. hxg4 fxg4+ 54. Kf4 1-0

[Event "XX Festival B"]
[Site "Robecchetto con Induno ITA"]
[Date "2009.12.29"]
[Round "5"]
[White "Sala, Gianni"]
[Black "Revinelli, Sergio"]
[Result "0-1"]
[WhiteElo "1874"]
[BlackElo "1850"]
[PlyCount "77"]
[EventDate "2009.12.27"]

1. e4 e5 2. Nf3 Nc6 3. Bb5 f5 4. Nc3 fxe4 5. Nxe4 d5 6. Ng3 Bg4 7. h3 Bxf3 8.
Qxf3 Nf6 9. d3 Be7 10. Bxc6+ bxc6 11. Qf5 Qd6 12. Nh5 O-O 13. Nxf6+ Rxf6 14.
Qg4 Rg6 15. Qe2 Rxg2 16. Bd2 Rf8 17. Rf1 Bh4 18. O-O-O Rgxf2 19. Rxf2 Bxf2 20.
Qg4 h6 21. Rf1 Kh7 22. Qe2 Bg3 23. Rg1 Bf4 24. Qg4 Bxd2+ 25. Kxd2 Qf6 26. Re1
Rf7 27. Re2 c5 28. a4 g5 29. Qh5 Kg7 30. a5 Qf4+ 31. Kd1 Qb4 32. c3 Qb3+ 33.
Ke1 Qa2 34. Rd2 Qa1+ 35. Rd1 Qxb2 36. Rd2 Qc1+ 37. Rd1 Qxc3+ 38. Ke2 Qd4 39.
Rf1 0-1

[Event "XX Festival B"]
[Site "Robecchetto con Induno ITA"]
[Date "2009.12.29"]
[Round "5"]
[White "Santarelli, Sabatino"]
[Black "Crepaldi, Marco"]
[Result "0-1"]
[WhiteElo "1658"]
[BlackElo "1871"]
[PlyCount "104"]
[EventDate "2009.12.27"]

1. Nf3 Nf6 2. b3 b6 3. Bb2 e6 4. g3 Bb7 5. Bg2 Be7 6. O-O O-O 7. d3 d5 8. Nbd2
c5 9. Ne5 Qc7 10. e3 Nbd7 11. f4 Rac8 12. Rc1 Rfd8 13. Qf3 Bd6 14. Nxd7 Nxd7
15. Qg4 e5 16. fxe5 Bxe5 17. Bxe5 Nxe5 18. Qh5 Qe7 19. Rce1 Rc6 20. e4 Rh6 21.
Qe2 d4 22. Nf3 Ng4 23. Nxd4 Qe5 24. Qxg4 Qxd4+ 25. Kh1 Rdd6 26. Rf4 Rdg6 27.
Qf3 f6 28. Rf1 Bc8 29. e5 Qxe5 30. Qa8 Qc7 31. Re1 Rxg3 32. Re8+ Kf7 33. Qxc8
Qxf4 34. Qd7+ Kg6 35. Be4+ Kg5 36. Qxg7+ Rg6 37. Qxg6+ hxg6 38. hxg3 Qxg3 39.
Rg8 f5 40. Bd5 Kf4 41. Re8 g5 42. Re2 Qh3+ 43. Kg1 Qg4+ 44. Kf1 Qh3+ 45. Bg2
Qh8 46. a4 g4 47. Rf2+ Kg5 48. Re2 f4 49. Be4 f3 50. Bxf3 gxf3 51. Re4 Qh1+ 52.
Kf2 Qg2+ 0-1

[Event "XX Festival B"]
[Site "Robecchetto con Induno ITA"]
[Date "2009.12.29"]
[Round "5"]
[White "Spornberger, Andre"]
[Black "Torretta, Gilberto"]
[Result "1/2-1/2"]
[WhiteElo "1777"]
[BlackElo "1683"]
[PlyCount "47"]
[EventDate "2009.12.27"]

1. d4 d6 2. Bf4 Nf6 3. e3 g6 4. Nf3 Bg7 5. Be2 Bf5 6. h3 Nbd7 7. O-O O-O 8. c4
c5 9. Nc3 Nb6 10. a3 Rc8 11. b3 d5 12. dxc5 Rxc5 13. b4 Rc8 14. c5 Nc4 15. Bxc4
dxc4 16. Rc1 Ne4 17. Nxe4 Bxe4 18. Ne5 Qxd1 19. Rfxd1 Bxe5 20. Bxe5 Bd3 21. Bd4
f6 22. Rd2 e5 23. Bc3 Rfd8 24. f4 1/2-1/2

[Event "XX Festival B"]
[Site "Robecchetto con Induno ITA"]
[Date "2009.12.29"]
[Round "5"]
[White "Vuckovic, Dimitrije"]
[Black "Madaschi, Sergio"]
[Result "1-0"]
[WhiteElo "1545"]
[BlackElo "1587"]
[PlyCount "73"]
[EventDate "2009.12.27"]

1. Nf3 Nf6 2. c4 e6 3. g3 b6 4. Bg2 Bb7 5. O-O Be7 6. Nc3 O-O 7. d4 c5 8. e3 d6
9. b3 Nbd7 10. Bb2 a6 11. Qc2 Qc7 12. a4 Bc6 13. Rad1 Qb7 14. Qe2 Rfd8 15. h4
Nf8 16. Rd2 Ng6 17. Rfd1 Ne4 18. Nxe4 Bxe4 19. d5 exd5 20. cxd5 Re8 21. Qc4 Bd8
22. Ng5 b5 23. Qe2 Bxg2 24. Kxg2 Qc7 25. Rc2 h6 26. Nf3 Ne7 27. e4 f6 28. h5
Kh8 29. Nh4 Qd7 30. axb5 axb5 31. Qf3 Rc8 32. Re2 Kg8 33. Rh1 Rf8 34. Ng6 Nxg6
35. hxg6 f5 36. Qh5 Re8 37. e5 1-0